000
00311nam a22001217a 4500
999
_c
8452
_d
8453
008
200227b ||||| |||| 00| 0 eng d
082
_a
808.02 LAN
245
_a
LAN203: Creative writing.
260
_a
Thimphu :
_b
Royal Thimphu College,
_c
2020.
300
_a
61 p.
_c
30 cm.
650
_a
Course Pack.
942
_2
ddc